00490nam a2200181 a 4500001001300000003000900013005001700022008004100039020002500080082001700105100002200122245003200144260004000176300000900216500003500225505002600260700002200286nice12345678IN_TiNIC20260116014954.0050524s1987 newa grp 000 0 eng  a0800752376 c173.800a226.606bCOL aColeman, Robert E aMaster Plan of Discipleship aNew YorkbFleming Revelle Co.c1987 a156p aincludes index and biblioraphy2 aSelected Bibliography1 aColeman, Robert E